| 000 | 00720nam a2200217 a 4500 | ||
|---|---|---|---|
| 001 | BRCA_5600 | ||
| 005 | 20190320205140.0 | ||
| 008 | 210211s1948----nyua######---#000-0#eng-# | ||
| 041 | _aeng | ||
| 044 | _anyu | ||
| 050 | 4 |
_aNK2405 _b.N88 1948 |
|
| 100 | 1 |
_aNutting, Wallace _914275 |
|
| 245 | 1 | 0 |
_aFurniture treasury (mostly of American origin) _ball periods of American furniture with some foreign examples in America also American hardware and household utensils _cWallace Nutting. |
| 260 |
_aNueva York _bMacmillan _c1948 |
||
| 300 |
_a2 v. _bil., 5000 láminas _c27 cm. |
||
| 500 | _aF77 | ||
| 650 | 1 | 4 |
_aMuebles _zEstados Unidos _914276 |
| 650 | 1 | 4 |
_aUtensilios domésticos _914277 |
| 902 | _aGFM | ||
| 942 |
_2lcc _cB |
||
| 999 |
_c5294 _d5294 |
||